000 00466nam a22001577a 4500
008 140606b xxu||||| |||| 00| 0 eng d
020 _a9780745612386
050 _aB2430.L963 I513
100 _aJean-Francois Lyotard
_910667
245 _aThe inhuman
_breflections on time
_cLyotard Francois-Jean
260 _aUnited Kingdom
_bPolity Press
_c1991
300 _aviii,216p.;
_c23cm.
650 _aTime
_910668
650 _aHumanism
_910669
942 _2lcc
_cMONOGRAPH
999 _c120642
_d120642